Tous les pays modernes qui ont été sous domination arabe - Statistiques

Statistiques générales
  • Ce quiz a été pris 12 512 fois
  • Le résultat moyen est 52 sur 63
Réponses sur la Carte
Les réponses sont colorées sur une échelle allant du rouge au vert en fonction du pourcentage des utilisateurs qui les ont devinées à leur premier essai. Vous pouvez retrouver ces pourcentages ci-dessous.
 
Statistiques - réponses
Pays % Correct
Espagne
99%
Algérie
98%
France
98%
Maroc
98%
Portugal
98%
Égypte
97%
Tunisie
97%
Turquie
96%
Arabie Saoudite
95%
Libye
95%
Irak
93%
Iran
93%
Italie
93%
Israël
91%
Andorre
90%
Émirats Arabes Unis
90%
Soudan
90%
Yémen
90%
Chypre
89%
Mali
89%
Oman
89%
Pakistan
89%
Qatar
89%
Syrie
89%
Afghanistan
88%
Jordanie
88%
Liban
88%
Mauritanie
88%
Soudan du Sud
85%
Grèce
84%
Inde
84%
Niger
84%
Ouzbékistan
84%
Turkménistan
84%
Arménie
83%
Azerbaïdjan
82%
Géorgie
82%
Koweït
81%
Nigeria
81%
Rép. Dém. du Congo
81%
Éthiopie
80%
Kazakhstan
80%
Somalie
80%
Tadjikistan
79%
Tchad
79%
Bahreïn
76%
Kirghizistan
76%
Russie
76%
Djibouti
75%
Malte
75%
Érythrée
74%
Kenya
74%
Cameroun
73%
Tanzanie
72%
Madagascar
70%
République Centrafricaine
70%
Burkina Faso
68%
Comores
68%
Mozambique
68%
Bénin
63%
Zambie
62%
Croatie
59%
Burundi
55%
Aucun quiz correspondant
Distribution des résultats
% des personnes avec chaque résultat
Percentile par nombre de réponses
Votre historique - résultats
Vous n’avez pas pris ce quiz